Datum a čas kvízu
22
Celkem bodů
Celkový počet nahraných bodů na tomto kvízu bez doplňovacích otázek.
5.
Pořadí na kvízu
Konečné umístění týmu na tomto kvízu.
Zaznamenané odpovědi
| # | Otázka | Odpověď | Body | Výsledky |
|---|---|---|---|---|
| 1. | Minulý týden navštívil naši re... | Uctění památky československých parašutistů. | 0 | |
| 2. | Na sociálních sítích v těchto... | Přejít pyramidu z přepravek. | 1 | |
| 3. | Třicetiletý Spencer Elden se h... | Nirvana, Nevermind | 1 | |
| 4. | Společnost Škoda Auto ve čtvrt... | verze kombi | 1 | |
| 5. | Fotbalisté Slovanu Liberec sen... | FK Zbuzany | 0 | |
| 6. | Toto téma nelze začít jinak, n... | 1D 2C 3B 4A | 1 | |
| 7. | Mezi nejznámější kutily patří... | Pat | 0 | |
| 8. | Hlavní postavu kutila Tima ze... | Tim Allen | 0 | |
| 9. | Americký televizní kutilský po... | Vanilla Ice | 0 | |
| 10. | Do kategorie kutilů můžeme poč... | z kuřecích kůžiček | 0 |